000 00464nam a2200145Ia 4500
008 151213s9999 xx 000 0 und d
100 _aস’দাত আলী।
245 _aফিরে আসি বার বার।
_cস’দাত আলী।
260 _aঢাকা।
_bনতুন কীরা
_c2004
300 _a8668 p.
650 _aBangla
650 _aআতœজীবনী।
700 _aস’দাত আলী।
999 _c4454
_d4454